Floresta española de varia caballería: Raimundo Lulio, Alfonso X, Don Juan Manuel
Guardat en:
| Autor principal: | |
|---|---|
| Format: | Llibre |
| Idioma: | espanyol |
| Publicat: |
Madrid
Editora Nacional
1975
|
| Col·lecció: | Biblioteca de Visionarios Heterodoxos y Marginados, 2
|
| Matèries: | |
| Etiquetes: |
Afegir etiqueta
Sense etiquetes, Sigues el primer a etiquetar aquest registre!
|
MARC
| LEADER | 00000nam a2200000 a 4500 | ||
|---|---|---|---|
| 001 | UCV9316 | ||
| 003 | CL-VaPUC | ||
| 008 | 920806e19750000SP |||||||||||||||||spa|d | ||
| 082 | 0 | 4 | |a 861 |b CUE |2 21 |
| 100 | 0 | |a Cuenca, Luis Alberto de |e author |9 303314 | |
| 245 | 1 | 0 | |a Floresta española de varia caballería: Raimundo Lulio, Alfonso X, Don Juan Manuel |
| 300 | |a 349 p | ||
| 942 | |c BK | ||
| 945 | |d 19920806 00:00:00 | ||
| 260 | |a Madrid |b Editora Nacional |c 1975 | ||
| 650 | 0 | |a Poesías españolas |9 265100 | |
| 650 | 7 | |a LIBROS DE CABALLERIA |2 CL-VaPUC |9 265092 | |
| 583 | |a last modification |c 19920806 00:00:00 |k Rodrigo Vera | ||
| 490 | 0 | |a Biblioteca de Visionarios Heterodoxos y Marginados, 2 | |
| 999 | |c 214676 |d 214674 | ||
| 952 | |0 0 |1 0 |4 0 |6 861_000000000000000_CUE_1975 |7 0 |8 P |9 198303 |a BIBARQ |b BIBARQ |d 2019-11-14 |i 2658011 |o 861 CUE 1975 |p 2658011 |r 2025-01-20 |w 2019-11-14 |y BK |k ARQ | ||
| 952 | |0 0 |1 0 |4 0 |6 861_000000000000000_CUE_1975 |7 0 |8 A |9 198304 |a BIBART |b BIBART |d 2019-11-14 |i 1207415 |o 861 CUE 1975 |p 1207415 |r 2025-03-13 |w 2019-11-14 |y BK |k ART | ||